Design and analysis for quantitative research in music education

Salvato in:
Dettagli Bibliografici
Autori principali: Miksza, Peter (autor), Elpus, Kenneth (Autore)
Natura: Libro
Lingua:inglese
Pubblicazione: Nueva York Oxford University Press 2018
Edizione:1a. ed
Soggetti:
Tags: Aggiungi Tag
Nessun Tag, puoi essere il primo ad aggiungerne!!

MARC

LEADER 00000cam a2200000 a 4500
001 UCC7139
003 CL-VaPUC
008 190304e20180000us |||||||||||||||||eng|d
020 |a 9780199391912 
082 0 4 |a 708.71  |b MIK  |2 21 
100 |a Miksza, Peter  |e autor  |9 601635 
700 0 |a Elpus, Kenneth  |e author  |9 601636 
245 1 0 |a Design and analysis for quantitative research in music education 
250 |a 1a. ed 
300 |a 285 p 
942 |c BK 
945 |d 20190304 12:48:00  |a dcastane 
260 |a Nueva York  |b Oxford University Press  |c 2018 
650 0 |a Musicología  |9 306520 
650 0 |a Investigación cuantitativa  |9 550972 
583 |a last modification  |c 20190304 12:48:00  |k Rodrigo Vera 
999 |c 373870  |d 373868 
952 |0 0  |1 0  |3 erb  |4 0  |6 708_710000000000000_MIK_2018  |7 0  |8 R  |9 492123  |a BIBEDU  |b BIBEDU  |i 5533929  |o 708.71 MIK 2018  |p 5533929  |r 2023-01-12  |w 2019-11-24  |y BK_R  |z Catalogado en:20190304  |k MUS